Instructor's Manual to Accompany Samuelson: Economics

Salvato in:
Dettagli Bibliografici
Autore principale: Samuelson, Paul A.
Natura: Libro
Lingua:inglese
Pubblicazione: New York MacGraw-Hill Book Comp. 1980
Edizione:11. ed.
Tags: Aggiungi Tag
Nessun Tag, puoi essere il primo ad aggiungerne!!

MARC

LEADER 00000nam a2200000 4500
001 c023933
005 20221220101936.8
041 0 |a eng 
044 |a US 
245 1 0 |a Instructor's Manual to Accompany Samuelson: Economics  |c Paul A. Samuelson 
250 |a 11. ed. 
264 1 |a New York  |b MacGraw-Hill Book Comp.  |c 1980 
300 |a 468 s. 
100 1 |a Samuelson, Paul A.